000 00918nam a22002297a 4500
005 20240530110419.0
008 140917s2012 ua o gr 000 0 ara d
017 _a2011/1555
_bمصر . دار الكتب المصرية
020 _a9789773288271
040 _aEG-CaGPL
082 0 4 _221
_a371.36\
_bهـ ع
100 0 _aهبة عبدالحليم عبدربه
_eمؤلف
245 1 _aعلم النفس النشط :
_bالتعليم النشط : البرنامج الاثرائى /
_cهبة عبدالحليم عبدربه
260 _aالاسكندرية :
_bدار الجامعة الجديدة ،
_c2012
300 _a364 ص :
_bصور ؛
_c24 سم
650 0 4 _aالمدارس
_xتنظيم وادارة
650 0 4 _aاساسيات التعليم
650 0 4 _aالتعليم
_xمناهج
650 0 4 _aالتخطيط التربوى
942 _2ddc
_cBK
999 _c60621
_d60621